000 00340nam a2200133Ia 4500
005 20260328104345.0
008 260328s9999||||xx |||||||||||||| ||und||
100 _aDK
245 0 _aHow Technology Works :
_b The Facts Visually Explained (DK How Stuff Works /
_cDK
260 _bDK
300 _a256 p.
650 _aTECNOLOGIA
942 _cBK
999 _c12260
_d12260